Statistics for U.S. Political Figures by Picture #1

Click here to take the quiz!

General Stats

  • This quiz has been taken 23,444 times
    (13,522 since last reset)
  • The average score is 9 of 16

Answer Stats

Answer% Correct
Hillary Clinton
100%
Bernie Sanders
86%
John McCain
82%
Sarah Palin
82%
Ted Cruz
77%
Condoleezza Rice
71%
John Kerry
69%
Ruth Bader Ginsburg
68%
Elizabeth Warren
62%
Dick Cheney
57%
Corey Booker
47%
Al Franken
39%
Ron Paul
33%
John Boehner
30%
Rex Tillerson
25%
Alan Greenspan
16%

Score Distribution

Percentile by Number Answered

Percent of People with Each Score

Your Score History

You have not taken this quiz since the last reset